[Event "39th Citta Arco Open 2017"]
[Site "Arco"]
[Date "2017.10.11"]
[Round "5.10"]
[White "Panjkovic, Aleksandar"]
[Black "Nazarenus, Moritz"]
[Result "1/2-1/2"]
[WhiteElo "2130"]
[BlackElo "2241"]
[Annotator "NA"]
[PlyCount "45"]
[EventDate "2017.??.??"]
[EventType "swiss"]
[EventCountry "ITA"]
[SourceTitle "playchess.com"]
[Source "ChessBase"]
[SourceQuality "1"]
[TimeControl "40/5400+30:1800+30"]

1. c4 {[%emt 0:00:30]} c6 {[%emt 0:01:00]} 2. Nf3 {[%emt 0:00:30]} d5 {[%emt 0:00:00]} 3. b3 {[%emt 0:00:30]} Nf6 {[%emt 0:01:00]} 4. Bb2 {[%emt 0:01:30]} e6 {[%emt 0:02:30]} 5. g3 {[%emt 0:01:30]} Nbd7 {[%emt 0:01:30]} 6. Bg2 {[%emt 0:00:30] LiveBook: 144 Games} Be7 {[%emt 0:01:30]} 7. O-O {[%emt 0:00:30]} O-O {[%emt 0:00:30]} 8. d3 {[%emt 0:00:30]} Re8 {[%emt 0:01:30]} 9. Nbd2 {[%emt 0:01:30]} Qc7 {[%emt 0:01:30] A14: English Opening: 1...e6 with b3 by White} 10. Rc1 {[%emt 0:00:00]} a5 {[%emt 0:01:30]} 11. a3 {[%emt 0:00:00]} Nf8 $146 {[%emt 0:06:30]} ({Predecessor:} 11... Bd6 12. Qc2 Qd8 13. d4 Qe7 14. c5 Bc7 15. e4 b6 16. Rfe1 Bb7 17. exd5 Nxd5 {0-1 (49) Prusikin,M (2475)-Jonkman,H (2310) Schwaebisch Gmuend 1999}) 12. Rc2 {[%emt 0:01:30]} N6d7 {[%emt 0:02:30]} 13. Qa1 {[%emt 0:03:30]} Bf6 {[%emt 0:00:30]} 14. e4 {[%emt 0:02:30]} Bxb2 {[%emt 0:00:30]} 15. Qxb2 {[%emt 0:00:30]} Nf6 {[%emt 0:08:30]} 16. Re1 {[%emt 0:01:30]} dxe4 {[%emt 0:00:00]} 17. Nxe4 $11 {[%emt 0:01:30]} Nxe4 {[%emt 0:01:00]} 18. Rxe4 {[%emt 0:05:30]} b6 {[%emt 0:03:30]} 19. d4 {[%emt 0:18:30]} Bb7 {[%emt 0:07:30]} 20. c5 {[%emt 0:03:30]} Nd7 {[%emt 0:02:30]} 21. Ne5 {[%emt 0:03:30]} Rad8 {[%emt 0:04:30]} 22. Re1 {[%emt 0:27:30]} bxc5 {[%emt 0:03:30]} 23. Nxd7 {[%emt 0:05:31]} 1/2-1/2

[Event "39th Citta Arco Open 2017"]
[Site "Arco"]
[Date "2017.10.11"]
[Round "5.11"]
[White "Medancic, Rikard"]
[Black "Astengo, Corrado"]
[Result "1-0"]
[WhiteElo "2225"]
[BlackElo "2125"]
[Annotator "NA"]
[PlyCount "79"]
[EventDate "2017.??.??"]
[EventType "swiss"]
[EventCountry "ITA"]
[SourceTitle "playchess.com"]
[Source "ChessBase"]
[SourceQuality "1"]
[TimeControl "40/5400+30:1800+30"]

1. Nf3 {[%emt 0:05:30]} d5 {[%emt 0:01:00]} 2. g3 {[%emt 0:00:30]} Nf6 {[%emt 0:00:30]} 3. Bg2 {[%emt 0:00:00]} e6 {[%emt 0:00:30]} 4. O-O {[%emt 0:00:00]} Be7 {[%emt 0:00:00]} 5. b3 {[%emt 0:01:30]} c5 {[%emt 0:02:00]} 6. d4 {[%emt 0:00:00]} Nc6 {[%emt 0:00:30]} 7. Bb2 {[%emt 0:00:00]} O-O {[%emt 0:02:30]} 8. Nbd2 {[%emt 0:02:30]} cxd4 {[%emt 0:03:30] LiveBook: 8 Partien} 9. Nxd4 {[%emt 0:00:00]} Nxd4 {[%emt 0:04:30] D02: 1 d4 d5 2 Nf3 sidelines, including 2...Nf6 3 g3 and 2...Nf6 3 Bf4} (9... Bd7 10. N4f3 Qb6 11. e3 Rfd8 12. c4 Be8 13. Qb1 Rac8 14. Rd1 h6 15. Nd4 Qc7 16. a3 Nxd4 17. Bxd4 Bc6 {½-½ (30) Pap,G (2549)-Blomqvist,E (2515) Lille 2016}) 10. Bxd4 {[%emt 0:00:00]} b6 {[%emt 0:00:30]} 11. e4 {[%emt 0:02:30]} Ba6 {[%emt 0:03:30]} 12. Re1 {[%emt 0:04:30]} Rc8 $146 {[%emt 0:02:30]} ({Predecessor:} 12... dxe4 13. Nxe4 Rc8 14. c4 Nxe4 15. Bxe4 Rc7 16. Be5 Rd7 17. Qh5 {1-0 (25) Gillies,A-Smith,C (1543) Edinburgh 2015}) 13. e5 {[%emt 0:13:30]} Nd7 {[%emt 0:00:30]} 14. a4 {[%emt 0:00:30]} Qc7 {[%emt 0:05:30]} 15. c3 {[%emt 0:01:30]} Bd3 {[%emt 0:01:30]} 16. Qf3 {[%emt 0:03:30]} Bg6 {[%emt 0:00:30]} 17. h4 {[%emt 0:01:30]} f6 {[%emt 0:08:30]} 18. exf6 {[%emt 0:04:30]} Bxf6 {[%emt 0:04:30]} 19. Qe2 {[%emt 0:03:30]} e5 {[%emt 0:03:30]} 20. Bxd5+ {[%emt 0:01:30]} Kh8 {[%emt 0:00:30]} 21. Be3 {[%emt 0:00:30]} Qxc3 {[%emt 0:00:30]} 22. Qg4 {[%emt 0:11:30]} Rcd8 {[%emt 0:08:30]} 23. h5 {[%emt 0:04:30]} Bd3 {[%emt 0:04:30]} 24. Rac1 {[%emt 0:02:30]} Qa5 {[%emt 0:02:30]} 25. Bc6 {[%emt 0:05:30]} Nb8 {[%emt 0:03:30]} 26. Be4 {[%emt 0:01:30]} Qb4 {[%emt 0:01:30]} 27. Qf5 {[%emt 0:04:30]} Bxe4 {[%emt 0:01:30]} 28. Qxe4 {[%emt 0:00:30]} Qxe4 {[%emt 0:05:30]} 29. Nxe4 {[%emt 0:01:30]} Na6 {[%emt 0:00:30]} 30. h6 {[%emt 0:01:30]} Kg8 {[%emt 0:05:30]} 31. Rc4 {[%emt 0:04:30]} Be7 {[%emt 0:03:30]} 32. hxg7 {[%emt 0:01:15]} Kxg7 {[%emt 0:00:30]} 33. Rc6 {[%emt 0:01:19]} Kg8 {[%emt 0:05:56]} 34. Kg2 {[%emt 0:01:02]} Rd3 {[%emt 0:01:31]} 35. Re6 {[%emt 0:04:15]} Rf7 {[%emt 0:02:27]} 36. Bh6 {[%emt 0:04:26]} Rxb3 {[%emt 0:03:14]} 37. Rd1 {[%emt 0:02:23]} Nc5 {[%emt 0:01:17]} 38. Rd8+ {[%emt 0:05:24]} Rf8 {[%emt 0:03:05]} 39. Rxe7 {[%emt 0:00:12]} Rxd8 {[%emt 0:04:07]} 40. Nf6+ {[%emt 0:00:07]} 1-0

[Event "39th Citta Arco Open 2017"]
[Site "Arco"]
[Date "2017.10.11"]
[Round "5.12"]
[White "Molina, Fabrizio"]
[Black "Pedersen, Henrik Bolding"]
[Result "1/2-1/2"]
[WhiteElo "2208"]
[BlackElo "2125"]
[Annotator "NA"]
[PlyCount "42"]
[EventDate "2017.??.??"]
[EventType "swiss"]
[EventCountry "ITA"]
[SourceTitle "playchess.com"]
[Source "ChessBase"]
[SourceQuality "1"]
[TimeControl "40/5400+30:1800+30"]

1. d4 {[%emt 0:00:30]} e6 {[%emt 0:01:00]} 2. Nf3 {[%emt 0:00:30]} d5 {[%emt 0:02:30]} 3. Bf4 {[%emt 0:01:30]} Bd6 {[%emt 0:03:30]} 4. Bg3 {[%emt 0:00:30]} Nf6 {[%emt 0:02:30]} 5. e3 {[%emt 0:00:30] LiveBook: 202 Games} Bxg3 {[%emt 0:04:30]} 6. hxg3 {[%emt 0:00:30]} Qd6 {[%emt 0:01:30]} 7. Nbd2 {[%emt 0:02:30]} Nbd7 {[%emt 0:04:30]} 8. c4 $11 {[%emt 0:03:30]} c6 {[%emt 0:10:30]} 9. Qc2 {[%emt 0:06:30]} e5 {[%emt 0:05:30]} 10. cxd5 {[%emt 0:06:30]} cxd5 {[%emt 0:00:30]} 11. dxe5 {[%emt 0:02:30]} Nxe5 {[%emt 0:00:30]} 12. Nxe5 {[%emt 0:05:30]} Qxe5 {[%emt 0:00:30]} 13. Bb5+ {[%emt 0:05:30]} Bd7 {[%emt 0:07:30]} 14. Bxd7+ {[%emt 0:00:30]} Nxd7 {[%emt 0:00:30]} 15. Rc1 {[%emt 0:12:30]} h6 {[%emt 0:09:30]} 16. Nf3 {[%emt 0:03:30]} Qe4 {[%emt 0:05:30]} 17. Rh4 {[%emt 0:10:30]} Qe7 {[%emt 0:13:30]} 18. Nd4 {[%emt 0:07:30]} O-O {[%emt 0:04:30]} 19. Rg4 {[%emt 0:07:30]} Qb4+ {[%emt 0:03:18]} 20. Qc3 {[%emt 0:01:45]} Qxc3+ {[%emt 0:01:35]} 21. Rxc3 {[%emt 0:00:15]} Nf6 {[%emt 0:00:52]} 1/2-1/2

[Event "39th Citta Arco Open 2017"]
[Site "Arco"]
[Date "2017.10.11"]
[Round "5.13"]
[White "De Santis, Alessio"]
[Black "Vezzani, Stefano"]
[Result "1-0"]
[WhiteElo "2162"]
[BlackElo "2121"]
[Annotator "NA"]
[PlyCount "63"]
[EventDate "2017.??.??"]
[EventType "swiss"]
[EventCountry "ITA"]
[SourceTitle "playchess.com"]
[Source "ChessBase"]
[SourceQuality "1"]
[TimeControl "40/5400+30:1800+30"]

1. b3 {[%emt 0:06:30]} d6 {[%emt 0:01:00]} 2. Bb2 {[%emt 0:00:30]} Nd7 {[%emt 0:00:30]} 3. e3 {[%emt 0:00:30]} Ngf6 {[%emt 0:00:00]} 4. d4 {[%emt 0:01:30]} g6 {[%emt 0:00:00]} 5. Nf3 {[%emt 0:00:30]} Bg7 {[%emt 0:00:30]} 6. c4 {[%emt 0:00:30]} c6 {[%emt 0:00:30]} 7. Be2 {[%emt 0:05:30]} a6 {[%emt 0:00:30]} 8. a4 {[%emt 0:01:30]} a5 {[%emt 0:00:00]} 9. Nc3 {[%emt 0:05:30]} O-O {[%emt 0:00:00]} 10. O-O {[%emt 0:02:30]} Qc7 $14 {[%emt 0:01:30]} 11. Rc1 {[%emt 0:01:30]} Rd8 {[%emt 0:02:30]} 12. Qc2 {[%emt 0:00:30]} e5 {[%emt 0:02:30]} 13. Rfd1 {[%emt 0:02:30]} exd4 {[%emt 0:00:30]} 14. exd4 {[%emt 0:00:30]} Nf8 {[%emt 0:03:30]} 15. d5 {[%emt 0:07:30]} Bf5 {[%emt 0:04:30]} 16. Qd2 {[%emt 0:02:30]} Ng4 {[%emt 0:04:30]} 17. Nd4 {[%emt 0:08:30]} Bh6 {[%emt 0:04:30]} 18. f4 {[%emt 0:03:30]} Qe7 {[%emt 0:02:30]} 19. Nxf5 {[%emt 0:10:30]} gxf5 {[%emt 0:00:30]} 20. Bxg4 {[%emt 0:00:30]} fxg4 {[%emt 0:00:30]} 21. Re1 {[%emt 0:00:30]} Qh4 {[%emt 0:29:30]} 22. g3 {[%emt 0:02:30]} Qh3 {[%emt 0:00:30]} 23. Ne4 {[%emt 0:04:30]} f5 {[%emt 0:06:30]} 24. Nf6+ {[%emt 0:25:30]} Kf7 {[%emt 0:00:00]} 25. dxc6 {[%emt 0:02:47]} bxc6 {[%emt 0:00:00]} 26. Qd3 {[%emt 0:01:37]} Kg6 {[%emt 0:00:30]} 27. Ng8 {[%emt 0:00:12]} Ra7 {[%emt 0:08:30]} 28. Ne7+ {[%emt 0:00:06]} Rxe7 {[%emt 0:00:00]} 29. Rxe7 {[%emt 0:00:02]} Bxf4 {[%emt 0:00:00]} 30. Rf1 {[%emt 0:01:09]} Bg5 {[%emt 0:00:30]} 31. Qxf5+ {[%emt 0:00:14]} Kh5 {[%emt 0:01:30]} 32. Rxh7+ {[%emt 0:00:12]} 1-0

[Event "39th Citta Arco Open 2017"]
[Site "Arco"]
[Date "2017.10.11"]
[Round "5.14"]
[White "Mastroddi, Emiliano"]
[Black "Passerotti, Pierluigi"]
[Result "0-1"]
[WhiteElo "2053"]
[BlackElo "2210"]
[Annotator "NA"]
[PlyCount "74"]
[EventDate "2017.??.??"]
[EventType "swiss"]
[EventCountry "ITA"]
[SourceTitle "playchess.com"]
[Source "ChessBase"]
[SourceQuality "1"]
[TimeControl "40/5400+30:1800+30"]

1. d4 {[%emt 0:02:30]} d6 {[%emt 0:15:00]} 2. e4 {[%emt 0:02:30]} Nf6 {[%emt 0:00:30]} 3. Nc3 {[%emt 0:00:30]} g6 {[%emt 0:00:30]} 4. Nf3 {[%emt 0:02:30]} Bg7 {[%emt 0:00:30]} 5. h3 {[%emt 0:00:00]} O-O {[%emt 0:00:00]} 6. Be2 {[%emt 0:02:00]} a6 {[%emt 0:03:00]} 7. a4 {[%emt 0:00:00] LiveBook: 42 Games B08: Pirc Defence: Classical System} a5 {[%emt 0:13:30]} 8. O-O {[%emt 0:06:00]} Na6 $146 {[%emt 0:00:30]} ({Predecessor:} 8... Nc6 9. Be3 Nd7 10. Nb5 Nb4 11. c3 Na6 12. Qd2 c6 13. Na3 Nc7 14. Bh6 Re8 15. Bxg7 Kxg7 {1-0 (47) Atabayev,Y (2473)-Maghsoodloo,P (2584) Doha 2016}) 9. Re1 {[%emt 0:03:30]} Nb4 {[%emt 0:03:30]} 10. Bf1 {[%emt 0:02:30]} e5 {[%emt 0:04:30]} 11. Nb5 {[%emt 0:07:30]} exd4 {[%emt 0:04:30]} 12. Nbxd4 {[%emt 0:01:30]} Re8 {[%emt 0:03:30]} 13. c3 {[%emt 0:02:30]} Na6 {[%emt 0:00:30]} 14. Bc4 {[%emt 0:06:30]} Nxe4 {[%emt 0:30:45]} 15. Bxf7+ {[%emt 0:05:30]} Kxf7 {[%emt 0:00:12]} 16. Rxe4 {[%emt 0:00:30]} Rxe4 {[%emt 0:00:11]} 17. Ng5+ {[%emt 0:00:00]} Kg8 {[%emt 0:01:05]} 18. Nxe4 {[%emt 0:05:00]} d5 {[%emt 0:05:04]} 19. Bg5 {[%emt 0:05:30]} Qf8 {[%emt 0:00:01]} 20. Ng3 {[%emt 0:04:30]} Qf7 {[%emt 0:02:00]} 21. Qc2 {[%emt 0:05:30]} Bd7 {[%emt 0:00:30]} 22. Re1 {[%emt 0:00:30]} Re8 {[%emt 0:01:02]} 23. Rxe8+ {[%emt 0:00:30]} Bxe8 {[%emt 0:00:21]} 24. Be3 {[%emt 0:04:30]} Nc5 {[%emt 0:01:28]} 25. b3 {[%emt 0:01:30]} Nd7 {[%emt 0:03:47]} 26. f4 {[%emt 0:18:46]} Qe7 {[%emt 0:01:01]} 27. Qd2 {[%emt 0:01:25]} c6 {[%emt 0:00:04]} 28. f5 {[%emt 0:00:39]} Nc5 {[%emt 0:01:38]} 29. Bg5 {[%emt 0:04:07]} Qe5 {[%emt 0:00:27]} 30. Bf4 {[%emt 0:00:17]} Ne4 {[%emt 0:01:09]} 31. Bxe5 {[%emt 0:02:54]} Nxd2 {[%emt 0:00:02]} 32. Bxg7 {[%emt 0:01:15]} Kxg7 {[%emt 0:00:02]} 33. Kf2 {[%emt 0:00:58]} Kf6 {[%emt 0:00:10]} 34. Ke3 {[%emt 0:00:48]} Nb1 {[%emt 0:00:33]} 35. Kd3 {[%emt 0:01:18]} (35. c4 $15) 35... gxf5 $17 {[%emt 0:00:48]} 36. Ngxf5 {[%emt 0:00:56]} c5 {[%emt 0:00:22]} 37. Kc2 {[%emt 0:00:25]} cxd4 {[%emt 0:00:00]} 0-1

[Event "39th Citta Arco Open 2017"]
[Site "Arco"]
[Date "2017.10.11"]
[Round "5.15"]
[White "Battistella, Stefano"]
[Black "De Eccher, Stefano"]
[Result "1/2-1/2"]
[WhiteElo "2041"]
[BlackElo "2193"]
[Annotator "ChessBase"]
[PlyCount "95"]
[EventDate "2017.??.??"]
[EventType "swiss"]
[EventCountry "ITA"]
[SourceTitle "playchess.com"]
[Source "ChessBase"]
[SourceQuality "1"]
[TimeControl "40/5400+30:1800+30"]

1. Nf3 {[%emt 0:00:30]} d5 {[%emt 0:01:00]} 2. c4 {[%emt 0:00:00]} c6 {[%emt 0:00:00]} 3. d4 {[%emt 0:00:00]} Nf6 {[%emt 0:00:00]} 4. g3 {[%emt 0:00:00]} Bf5 {[%emt 0:01:30]} 5. Nc3 {[%emt 0:00:00]} e6 {[%emt 0:00:30]} 6. Nh4 {[%emt 0:00:30]} Bg4 {[%emt 0:00:30]} 7. Qb3 {[%emt 0:06:30]} Qb6 {[%emt 0:17:30]} 8. h3 {[%emt 0:00:30]} Bh5 {[%emt 0:03:30]} 9. g4 {[%emt 0:00:30]} Bg6 {[%emt 0:00:30]} 10. Nxg6 {[%emt 0:00:30]} hxg6 {[%emt 0:00:30]} 11. Bg2 {[%emt 0:01:30]} Nbd7 {[%emt 0:14:30]} 12. O-O {[%emt 0:00:30]} Bd6 {[%emt 0:09:30]} 13. Rd1 {[%emt 0:07:30]} Qxb3 {[%emt 0:10:30]} 14. axb3 {[%emt 0:00:00]} a6 {[%emt 0:00:30]} 15. f3 {[%emt 0:17:00]} O-O-O {[%emt 0:05:30]} 16. e4 {[%emt 0:11:30]} dxe4 {[%emt 0:00:30]} 17. fxe4 {[%emt 0:02:30]} e5 {[%emt 0:00:30]} 18. g5 {[%emt 0:09:30]} Nh5 {[%emt 0:02:30]} 19. c5 {[%emt 0:05:30]} Be7 {[%emt 0:01:30]} 20. b4 {[%emt 0:03:30]} exd4 {[%emt 0:00:30]} 21. Rxd4 {[%emt 0:05:30]} Ne5 {[%emt 0:00:30]} 22. Be3 {[%emt 0:01:30]} Nd3 {[%emt 0:03:30]} 23. Na4 {[%emt 0:02:30]} Rxd4 {[%emt 0:03:30]} 24. Bxd4 {[%emt 0:00:00]} Bxg5 {[%emt 0:01:30]} 25. Rd1 {[%emt 0:01:00]} Rd8 {[%emt 0:05:30]} 26. Nb6+ {[%emt 0:00:30]} Kc7 {[%emt 0:00:31]} 27. Nd5+ {[%emt 0:04:30]} cxd5 {[%emt 0:01:27]} 28. Rxd3 {[%emt 0:00:30]} dxe4 {[%emt 0:01:23]} 29. Be5+ {[%emt 0:00:30]} Kc8 {[%emt 0:00:18]} 30. Rxd8+ {[%emt 0:00:30]} Bxd8 {[%emt 0:00:21]} 31. Bxe4 {[%emt 0:00:30]} Bf6 {[%emt 0:00:18]} 32. Bc3 {[%emt 0:03:45]} Nf4 {[%emt 0:03:26]} 33. Bxf6 {[%emt 0:10:31]} gxf6 {[%emt 0:00:10]} 34. Kh2 {[%emt 0:00:06]} f5 {[%emt 0:02:30]} 35. Bc2 {[%emt 0:00:30]} Kd7 {[%emt 0:01:23]} 36. Kg3 {[%emt 0:00:31]} Nd5 {[%emt 0:00:36]} 37. Ba4+ {[%emt 0:01:12]} Ke6 {[%emt 0:01:23]} 38. b5 {[%emt 0:00:53]} axb5 {[%emt 0:01:00]} 39. Bxb5 {[%emt 0:00:03]} Nb4 {[%emt 0:00:42]} 40. Bc4+ {[%emt 0:00:49]} Kf6 {[%emt 0:31:15]} 41. h4 {[%emt 0:31:32]} Kg7 {[%emt 0:03:08]} 42. Kf4 {[%emt 0:00:00]} f6 {[%emt 0:00:00]} 43. h5 {[%emt 0:00:00]} Kh6 {[%emt 0:00:00]} 44. hxg6 {[%emt 0:00:00]} Kxg6 {[%emt 0:00:00]} 45. b3 {[%emt 0:00:00]} Nc6 {[%emt 0:00:00]} 46. Bd5 {[%emt 0:00:00]} Nb4 {[%emt 0:00:00]} 47. Bc4 {[%emt 0:00:00]} Nc6 {[%emt 0:00:00]} 48. Bd3 1/2-1/2

[Event "39th Citta Arco Open 2017"]
[Site "Arco"]
[Date "2017.10.11"]
[Round "5.16"]
[White "Huemmer, Bernd"]
[Black "Deissenberger, Thomas"]
[Result "1-0"]
[WhiteElo "2169"]
[BlackElo "2032"]
[Annotator "NA"]
[PlyCount "85"]
[EventDate "2017.??.??"]
[EventType "swiss"]
[EventCountry "ITA"]
[SourceTitle "playchess.com"]
[Source "ChessBase"]
[SourceQuality "1"]
[TimeControl "40/5400+30:1800+30"]

1. c4 {[%emt 0:00:30]} Nf6 {[%emt 0:01:00]} 2. Nc3 {[%emt 0:00:00]} c5 {[%emt 0:00:30]} 3. Nf3 {[%emt 0:00:00]} Nc6 {[%emt 0:01:30]} 4. d4 {[%emt 0:01:30]} cxd4 {[%emt 0:00:30]} 5. Nxd4 {[%emt 0:00:30]} g6 {[%emt 0:01:30]} 6. g3 {[%emt 0:00:00]} Bg7 {[%emt 0:03:30]} 7. Bg2 {[%emt 0:00:00]} O-O {[%emt 0:01:30]} 8. O-O {[%emt 0:00:30]} Nxd4 {[%emt 0:02:30]} 9. Qxd4 {[%emt 0:00:00]} d6 {[%emt 0:01:30]} 10. Qh4 {[%emt 0:01:00] LiveBook: 109 Games} Rb8 {[%emt 0:11:30]} 11. Bg5 {[%emt 0:02:30] A39: Symmetrical English vs ...g6: 4 Bg2 Bg7 5 Nf3 Nf6 6 0-0 0-0 7 d4} (11. h3 Be6 12. Be3 Qa5 13. Rac1 Rfc8 14. b3 a6 15. Qg5 b5 16. Ba7 Ra8 17. Bd4 h6 18. Qe3 bxc4 19. Bxa8 Rxa8 20. bxc4 Bxh3 21. Qxe7 {1-0 (31) Koneru,H (2621)-Danielian,E (2496) Istanbul 2009}) 11... Re8 {[%emt 0:04:30]} 12. Rac1 {[%emt 0:04:30]} Qa5 {[%emt 0:13:30]} 13. Rfd1 {[%emt 0:03:30]} Bd7 {[%emt 0:09:30]} 14. Bd2 $146 {[%emt 0:26:30]} ({Predecessor:} 14. a3 Bc6 15. e4 a6 16. h3 Rbc8 17. c5 dxc5 18. e5 Bxg2 19. Kxg2 {1-0 (57) Pacuszka,T (2284)-Madera,M (2021) Kolobrzeg 2009}) 14... Qh5 {[%emt 0:06:30]} 15. Qxh5 {[%emt 0:01:30]} Nxh5 {[%emt 0:00:00]} 16. Be3 {[%emt 0:00:30]} b6 {[%emt 0:04:00]} 17. b3 {[%emt 0:01:30]} Rec8 {[%emt 0:07:30]} 18. Nd5 {[%emt 0:04:30]} Kf8 {[%emt 0:06:30]} 19. Nb4 {[%emt 0:00:30]} Bf5 {[%emt 0:08:16]} 20. Rd2 {[%emt 0:15:30]} Bd7 {[%emt 0:08:40]} 21. Na6 {[%emt 0:01:30]} Nf6 {[%emt 0:00:34]} 22. Nxb8 {[%emt 0:00:30]} Rxb8 {[%emt 0:00:02]} 23. h3 {[%emt 0:02:30]} Be6 {[%emt 0:00:45]} 24. Bd4 {[%emt 0:00:30]} Nd7 {[%emt 0:01:57]} 25. Bxg7+ {[%emt 0:00:00]} Kxg7 {[%emt 0:00:02]} 26. f4 {[%emt 0:01:00]} a5 {[%emt 0:01:47]} 27. Kh2 {[%emt 0:04:30]} Nc5 {[%emt 0:01:05]} 28. Rb2 {[%emt 0:02:30]} b5 {[%emt 0:01:55]} 29. cxb5 {[%emt 0:00:30]} Rxb5 {[%emt 0:00:10]} 30. Rd2 {[%emt 0:01:30]} Rb6 {[%emt 0:01:16]} 31. Rd4 {[%emt 0:01:30]} f6 {[%emt 0:01:13]} 32. e4 {[%emt 0:01:30]} Bc8 {[%emt 0:00:35]} 33. e5 {[%emt 0:02:30]} Kf7 {[%emt 0:00:39]} 34. Bd5+ {[%emt 0:01:30]} Be6 {[%emt 0:00:31]} 35. exd6 {[%emt 0:00:39]} exd6 {[%emt 0:00:14]} 36. Bxe6+ {[%emt 0:00:36]} Kxe6 {[%emt 0:00:13]} 37. Re1+ {[%emt 0:00:49]} Kf7 {[%emt 0:00:22]} 38. Rd2 {[%emt 0:01:52]} Kf8 {[%emt 0:00:35]} 39. Rde2 {[%emt 0:00:15]} Rb7 {[%emt 0:01:04]} 40. Re8+ {[%emt 0:00:23]} Kf7 {[%emt 0:30:10]} 41. Rh8 {[%emt 0:00:00]} Kg7 {[%emt 0:00:00]} 42. Rd8 $18 {[%emt 0:03:26]} Rb6 {[%emt 0:00:00]} 43. Re7+ {[%emt 0:00:30]} 1-0

[Event "39th Citta Arco Open 2017"]
[Site "Arco"]
[Date "2017.10.11"]
[Round "5.17"]
[White "Wurm, Alexander"]
[Black "Voelker, Sebastian"]
[Result "1/2-1/2"]
[WhiteElo "2156"]
[BlackElo "2018"]
[Annotator "TA"]
[PlyCount "96"]
[EventDate "2017.??.??"]
[EventType "swiss"]
[EventCountry "ITA"]
[SourceTitle "playchess.com"]
[Source "ChessBase"]
[SourceQuality "1"]

{[%evp 18,96,43,30,47,27,45,18,26,22,26,20,39,43,40,31,59,54,46,42,63,23,33,27,52,53,53,11,52,49,53,53,53,53,54,20,16,16,22,0,20,11,66,29,65,5,52,-9,-6,-12,0,0,0,0,0,0,-8,-13,0,0,0,-11,0,-29,-29,-29,0,-29,-29,-29,0,-29,-29,-31,-11,-29,-29,-21,0,0,0]} 1. e4 c6 2. d4 d5 3. Nc3 dxe4 4. Nxe4 Nf6 5. Nxf6+ exf6 6. c3 Bd6 7. Bd3 O-O 8. Ne2 Re8 9. Qc2 Kh8 10. O-O Nd7 {B15: Caro-Kann: 3 Nc3: 3...g6 and 3...dxe4 4 Nxe4 Nf6 5 Nxf6+ exf6} 11. Ng3 Nf8 12. Bd2 Qc7 13. Rfe1 Be6 14. c4 Red8 $146 ({Predecessor:} 14... Rad8 15. Bc3 Ng6 16. Rad1 Bg4 17. Be2 Bxe2 18. Rxe2 {1-0 (65) Vogt,L (2470)-Bang,A (2320) Copenhagen 1989}) 15. Bc3 Ng6 16. b3 Rac8 17. Rad1 Bg4 18. f3 Be6 19. Qf2 Kg8 20. Kh1 Re8 21. Ne4 Be7 22. Bb1 f5 23. Nc5 $1 {[%cal Rc5e6]} Bh4 24. g3 Bf6 25. f4 Nf8 26. Re2 b6 27. Nxe6 fxe6 28. Kg1 Red8 29. Qe3 Rd6 (29... g6 $11) 30. Red2 Rcd8 31. Kf2 (31. b4 $14) 31... R8d7 (31... c5 {with more complications.} 32. dxc5 Rxd2+ 33. Rxd2 Rxd2+ 34. Bxd2 bxc5 35. Ke2 Bd4) 32. Bb4 (32. b4 $14) 32... Rxd4 $11 33. Rxd4 Rxd4 34. Rxd4 Bxd4 35. Qxd4 {[#] Threatens to win with Bd6.} c5 36. Bxc5 bxc5 37. Qd1 Ng6 38. Bd3 Ne7 39. Be2 Nc6 40. Bf3 Nd4 41. Qe1 Kf7 42. Qc3 Qb6 43. Qe1 Qc7 44. Qc3 a5 45. Qe1 Kf6 46. Qd2 h6 47. h4 g6 48. Qe1 Nc2 {Precision: White = 48%, Black = 48%.} 1/2-1/2